Statistiques concernant Secteurs sauvegardés

Cliquez ici pour prendre le quiz!

Statistiques générales

  • Ce quiz a été pris 7 fois
    (5 depuis la dernière actualisation)
  • Le résultat moyen est 6 sur 15

Statistiques - réponses

VilleSurface (en ha)% Correct
Bordeaux147
80%
Paris297
80%
Metz162
60%
Nantes126
60%
Poitiers200
60%
Toulouse230
60%
Tours155
60%
Versailles246
60%
Avignon173
40%
Besançon268
40%
Nancy166
40%
Dole116
0%
Laon370
0%
Rochefort137
0%
Semur-en-Auxois190
0%

Distribution des résultats

Percentile par nombre de réponses

% des personnes avec chaque résultat

Votre développement - résultats

Vous n’avez pas pris ce quiz depuis la dernière actualisation